Kaart van Zuid en Centraal Azië Quiz - Statistieken

Algemene statistieken
  • Deze quiz is 2.850 keer genomen
  • De gemiddelde score is 11 van 13
Antwoorden op de kaart
Antwoorden kleurgecodeerd door een groen-rode schaal op de quizkaart volgens % correct hieronder.
 
Antwoordstatistieken
Antwoord % Correct
India
99%
Maldiven
94%
Sri Lanka
94%
Kazachstan
91%
Nepal
91%
Bangladesh
90%
Bhutan
89%
Pakistan
88%
Afghanistan
86%
Oezbekistan
80%
Kirgizië
78%
Tadzjikistan
78%
Turkmenistan
73%
Geen overeenkomende quizzen gevonden
Scoreverdeling
Procent van Mensen met Elke Score
Percentiel versus Aantal Correcte Antwoorden
Uw Scoregeschiedenis
U heeft deze quiz nog niet genomen